Sports Quiz

Random Sports Quiz

London 2012 Olympic Sports Quiz Stats

 Plays Quiz not verified by Sporcle

Also try: Pac-12
Challenge
Share
Tweet
Embed
Score 0/38 Timer 06:00
0 Plays Today
Sport % Correct
Swimming
94.2%
Athletics
91.2%
Football
88.2%
Archery
84%
Tennis
83.2%
Basketball
82.5%
Rowing
78.2%
Judo
78%
Diving
77.8%
Cycling-BMX
77.4%
Cycling-Road
77.4%
Cycling-Track
77.4%
Cycling-Mountain Bike
77.2%
Volleyball
75.2%
Shooting
74.6%
Gymnastics-Rhythmic
73.7%
Gymnastics-Trampoline
73.7%
Boxing
71.8%
Gymnastics-Artistic
70.3%
Sport % Correct
Sailing
70.3%
Badminton
69.6%
Equestrian-Dressage
69.2%
Equestrian-Eventing
69.2%
Equestrian-Jumping
69.2%
Table Tennis
69%
Handball
67.4%
Hockey
66.2%
Beach Volleyball
66%
Wrestling
65.1%
Canoe Slalom
64.2%
Canoe Sprint
64.2%
Fencing
64%
Weightlifting
61%
Water Polo
59.9%
Taekwondo
59.1%
Synchronised Swimming
47.8%
Triathlon
46.6%
Modern Pentathlon
39.6%

You're not logged in!

Compare scores with friends on all Sporcle quizzes.
Join for Free
OR
Log In

You Might Also Like...

Show Comments

Extras

Created Oct 27, 2011SourceReportNominate
Tags:2012, London, London 2012

Top Quizzes Today


Score Distribution

Your Account Isn't Verified!

In order to create a playlist on Sporcle, you need to verify the email address you used during registration. Go to your Sporcle Settings to finish the process.

Report this User

Report this user for behavior that violates our Community Guidelines.

Details: